Top 10 Largest Cities in Europe - Sudden Death - Statistics

General Stats
  • This quiz has been taken 231 times
  • The average score is 4 of 10
Answers on the Grid
Answers color-coded by a green-red scale on the quiz's grid according to % correct below.
Moscow
London
Saint Petersburg
Berlin
Madrid
Kyiv
Rome
Paris
Bucharest
Minsk
Budapest
Hamburg
Warsaw
Vienna
Barcelona
Stockholm
Kharkiv
Novosibirsk
Nizhniy Novgorod
Belgrade
Munich
Milan
Prague
Copenhagen
Sofia
Dublin
Brussels
Amsterdam
Athens
Oslo
 
Answer Stats
Answer % Correct
London
77%
Paris
75%
Moscow
72%
Madrid
46%
Berlin
44%
Saint Petersburg
41%
Rome
32%
Kyiv
15%
Minsk
3%
Bucharest
1%
No matching quizzes found
Score Distribution
Percent of People with Each Score
Percentile by Number Answered
Your Score History
You have not taken this quiz